Estatísticas para Cultura Geral

Clique aqui para jogar o quiz

Estatísticas Gerais

  • Esse quiz foi jogado 24 vezes
  • A pontuação média é 8 de 15

Estatísticas das Respostas

HintResposta% Correto
Quantos minutos dura o intervalo de um jogo de futebol15
100%
A quantos minutos se inicia o intervalo de um jogo de futebol?45
91%
Quem é o velocista mais rápido de todos os tempos?Usain Bolt
86%
No futebol que cartão dá direito a expulsão?Vermelho
86%
Que cantor iniciou a corrente musical reggae?Bob Marley
59%
No futebol que nome se dá aos jogadores que ocupam as laterais do campo.?Laterais
59%
Quem canta a música "Umbrella"?Rihanna
59%
Qual é a capital da Bielorrússia?Minsk
50%
Quem canta a música "Livin' la Vida Loca"?Ricky Martin
50%
Em que estado dos EUA nasceu o cantor Jay-Z?Nova Iorque
45%
Que jogo é jogado com duas equipas de 5 jogadores?Futsal
41%
No futebol que nome se dá aos jogadores que têm a função fundamental de marcar os golos?Avançados
18%
No futebol que jogadores têm a função de ajudar o guarda-redes a proteger a baliza?Centrais
14%
No futebol que nome se dá aos jogadores que têm basicamente a função de fazer a ligação entre a defesa e o ataque da equipa?Médios
5%
Que jogo combina aspectos do futebol e do voleibol?Bossaball
0%

Distribuição das Pontuações

Percentil de Números Respondidos

Porcentagem de Pessoas com Cada Pontuação

Sua Pontuação Histórica

Você não jogou esse quiz